Cinematic Slackers Quiz Stats

 Plays Quiz Updated Jul 1, 2014

Support Sporcle.
Go Orange.
Score 0/16 Timer 06:00
0 Plays Today
Movie % Correct
School of Rock (Dewey Finn)
94.1%
Finding Nemo (Crush)
93.5%
Back to the Future (Marty McFly)
92.2%
The Big Lebowski (The Dude)
87.9%
Ferris Bueller's Day Off (Ferris Bueller)
83.1%
Harold & Kumar Go to White Castle (Harold and Kumar)
81.2%
Bill and Ted's Excellent Adventure (Bill and Ted)
76.6%
Up in Smoke (Pedro De Pacas and Anthony 'Man' Stoner)
68.7%
Movie % Correct
Shaun of the Dead (Shaun)
68.7%
Office Space (Peter Gibbons)
68.3%
Clerks. (Dante Hicks and Randal Graves)
67.4%
Pineapple Express (Dale Denton and Saul Silver)
67%
Fast Times at Ridgemont High (Jeff Spicoli)
61.7%
Dazed and Confused (David Wooderson)
55.2%
Romy and Michele's High School Reunion (Romy and Michele)
48.3%
Friday (Smokey)
44%

You're not logged in!

Compare scores with friends on all Sporcle quizzes.
OR
Log In

From the Vault

Disney Music Match

by rubyRat06

The louder you sing along, the better you'll do.
Remove Ads.
Support Sporcle.
Get the best of Sporcle when you Go Orange. This ad-free experience offers more features, more stats, and more fun while also helping to support Sporcle. Thank you for becoming a member.

Show Comments

Extras

Top Quizzes Today


Score Distribution

Your Account Isn't Verified!

In order to create a playlist on Sporcle, you need to verify the email address you used during registration. Go to your Sporcle Settings to finish the process.

Report this User

Report this user for behavior that violates our Community Guidelines.

Details: